书目信息 |
| 题名: |
动物疫病防控指南
|
|
| 作者: | 赵森林 , 王海玉 主编 | |
| 分册: | ||
| 出版信息: | 北京 中国农业科学技术出版社 2014 |
|
| 页数: | 282页 | |
| 开本: | 26cm | |
| 丛书名: | ||
| 单 册: | ||
| 中图分类: | S851.3-62 | |
| 科图分类: | ||
| 主题词: | 兽疫--防疫--指南 , 兽疫 , 防疫 | |
| 电子资源: | ||
| ISBN: | 978-7-5116-1749-1 | |
| 000 | 00818nam0 2200265 450 | |
| 001 | 012015000176 | |
| 005 | 20150914164055.96 | |
| 010 | @a978-7-5116-1749-1@dCNY40.00 | |
| 100 | @a20141017d2014 em y0chiy50 ea | |
| 101 | 0 | @achi |
| 102 | @aCN@b110000 | |
| 105 | @ay z 000yy | |
| 106 | @ar | |
| 200 | 1 | @a动物疫病防控指南@Adong wu yi bing fang kong zhi nan@f赵森林,王海玉主编 |
| 210 | @a北京@c中国农业科学技术出版社@d2014 | |
| 215 | @a282页@d26cm | |
| 330 | @a本书分动物疫病防控篇、法律法规篇两部分,内容包括:动物防疫、动物传染病、重要动物防疫防制等。 | |
| 606 | 0 | @a兽疫@x防疫@j指南 |
| 606 | 0 | @a兽疫 |
| 606 | 0 | @a防疫 |
| 690 | @aS851.3-62@v5 | |
| 701 | 0 | @a赵森林@Azhao sen lin@4主编 |
| 701 | 0 | @a王海玉@Awang hai yu@4主编 |
| 801 | 0 | @aCN@b碧洲教育@c20150716 |
| 905 | @a10447@f4@dS851.3-62@e118 | |
| 动物疫病防控指南/赵森林,王海玉主编.-北京:中国农业科学技术出版社,2014 |
| 282页;26cm |
| ISBN 978-7-5116-1749-1:CNY40.00 |
| 本书分动物疫病防控篇、法律法规篇两部分,内容包括:动物防疫、动物传染病、重要动物防疫防制等。 |
| ● |
| 相关链接 |
|
|
|
|
正题名:动物疫病防控指南
索取号:S851.3-62/118
 
预约/预借
| 序号 | 登录号 | 条形码 | 馆藏地/架位号 | 状态 | 备注 |
| 1 | 0849947 | 208499472 | 第二样本阅览室/ [索取号:S851.3-62/118] | 在馆 | |
| 2 | 0849948 | 208499481 | 密集书库-生命科学系/ [索取号:S851.3-62/118] | 在馆 | |
| 3 | 0849949 | 208499490 | 第三借阅区/ [索取号:S851.3-62/118] | 在馆 | |
| 4 | 0849950 | 208499506 | 第三借阅区/ [索取号:S851.3-62/118] | 在馆 |